000 00717nam a2200265Ia 4500
003 OSt
005 20220912150618.0
006 a|||||r|||| 00| 0
007 ta
008 220909b |||||||| |||| 00| 0 eng d
024 _a44541
037 _cTextual
040 _aCSL
_beng
_cCSL
041 _aeng
082 _aD65,8(B)92, M7;1
100 _aPerrott R H
245 0 _aParallel programming
260 _aWorkingham
_bAddsion-Wesley
_c1987
300 _axiv, 252p.
_ccm.
490 _aInternational computer science series
650 _a Computer program language
650 _aComputer science
942 _hD65,8(B)92, M7;1
_cTEXL
_2CC
999 _c50881
_d50881